[Event "Abu Dhabi Masters 28th"]
[Site "Abu Dhabi"]
[Date "2022.08.24"]
[Round "8"]
[White "Phadke, Sohan"]
[Black "Hamad, Bader"]
[Result "0-1"]
[WhiteElo "2193"]
[BlackElo "2029"]
[PlyCount "56"]
[EventDate "2022.08.17"]
[EventType "swiss"]
[EventRounds "9"]
[EventCountry "UAE"]
[SourceTitle "CBM 209 Extra"]
[Source "ChessBase"]
[SourceDate "2022.09.30"]
[SourceVersion "1"]
[SourceVersionDate "2022.09.30"]
[SourceQuality "1"]

1. d4 Nf6 2. Bg5 Ne4 3. Bf4 d5 4. e3 Bf5 5. f3 Nd6 6. Bd3 e6 7. Ne2 Be7 8. b3 Nd7 9. c4 c6 10. Nbc3 Bxd3 11. Qxd3 Qa5 12. c5 Nb5 13. a3 Nxc3 14. Nxc3 e5 15. b4 Qc7 16. Bg3 h5 17. h3 Qd8 18. 0-0 exd4 19. exd4 0-0 20. b5 Bf6 21. bxc6 bxc6 22. Rfb1 Qa5 23. Bd6 Rfe8 24. Rb7 Qd8 25. Ne2 Rxe2 26. Qxe2 Bxd4+ 27. Kh1 Bxa1 28. Qa6 Qc8 0-1

[Event "Abu Dhabi Masters 28th"]
[Site "Abu Dhabi"]
[Date "2022.08.20"]
[Round "5"]
[White "Nandhidhaa, PV."]
[Black "Phadke, Sohan"]
[Result "1/2-1/2"]
[WhiteElo "2312"]
[BlackElo "2193"]
[PlyCount "107"]
[EventDate "2022.08.17"]
[EventType "swiss"]
[EventRounds "9"]
[EventCountry "UAE"]
[SourceTitle "EXT 2023"]
[Source "ChessBase"]
[SourceDate "2022.10.05"]
[SourceVersion "1"]
[SourceVersionDate "2022.10.05"]
[SourceQuality "1"]

1. e4 c5 2. Nf3 Nc6 3. Bb5 e6 4. 0-0 Nge7 5. d4 cxd4 6. Nxd4 Qb6 7. Nxc6 Nxc6 8. Nc3 a6 9. Be3 Qc7 10. Be2 b5 11. f4 Be7 12. Qe1 0-0 13. Qf2 Bb7 14. Bb6 Qc8 15. Kh1 d6 16. Rad1 Nb8 17. Bd4 Nd7 18. a3 e5 19. Be3 Nf6 20. fxe5 dxe5 21. Qg3 Nxe4 22. Nxe4 Bxe4 23. Qxe5 Qe6 24. Qxe6 fxe6 25. c3 Rxf1+ 26. Rxf1 Bf6 27. Kg1 Rd8 28. Bg4 Kf7 29. Re1 Bd5 30. Kf2 Rb8 31. Bf4 Rb7 32. g3 a5 33. Bd6 Be7 34. Bxe7 Kxe7 35. Be2 Bc4 36. Bd1 a4 37. Bc2 Rd7 38. Ke3 h6 39. Be4 Rd8 40. Rg1 Kf6 41. Rg2 Ke5 42. Bc2 Rf8 43. Bd3 Bxd3 44. Kxd3 Rf3+ 45. Kc2 Ke4 46. b3 e5 47. bxa4 bxa4 48. Rd2 Rf7 49. Re2+ Kd5 50. Rd2+ Kc4 51. Re2 Kd5 52. Rd2+ Kc4 53. Re2 Kd5 54. Rd2+ 1/2-1/2

[Event "Barcelona Sant Marti op-A 22nd"]
[Site "Barcelona"]
[Date "2022.07.21"]
[Round "9"]
[White "Phadke, Sohan"]
[Black "Barbero Sendic, Alejandro"]
[Result "1/2-1/2"]
[WhiteElo "2177"]
[BlackElo "2326"]
[PlyCount "114"]
[EventDate "2022.07.13"]
[EventType "swiss"]
[EventRounds "9"]
[EventCountry "ESP"]
[SourceTitle "CBM 209 Extra"]
[Source "ChessBase"]
[SourceDate "2022.09.30"]
[SourceVersion "1"]
[SourceVersionDate "2022.09.30"]
[SourceQuality "1"]

1. e4 e5 2. Nc3 Nf6 3. d4 exd4 4. Qxd4 Nc6 5. Qd3 Bb4 6. Bd2 0-0 7. 0-0-0 Re8 8. Nge2 d6 9. Bg5 h6 10. Bxf6 Qxf6 11. Nd5 Qd8 12. Nxb4 Nxb4 13. Qd2 Na6 14. f3 Nc5 15. Kb1 a5 16. h4 Qf6 17. Nf4 Na4 18. c3 Nc5 19. Nd5 Qd8 20. g4 Be6 21. Nf4 g6 22. g5 h5 23. Rg1 Nd7 24. Nxe6 Rxe6 25. Bc4 Re7 26. f4 Nc5 27. f5 Nxe4 28. Qf4 Kh7 29. Bxf7 Rxf7 30. fxg6+ Kxg6 31. Qxe4+ Kg7 32. Rgf1 Qe7 33. Qd4+ Kg8 34. Rf6 Re8 35. Rdf1 Rxf6 36. gxf6 Qe4+ 37. Kc1 Kf7 38. Qd1 Re5 39. Qb3+ Kf8 40. Rd1 Qf4+ 41. Kb1 Qe4+ 42. Qc2 Qxc2+ 43. Kxc2 Kf7 44. Rf1 Re4 45. Rf5 Rxh4 46. Rxa5 Kxf6 47. Ra7 Rc4 48. Rxb7 h4 49. Rb8 Kg7 50. Re8 h3 51. Re2 Rh4 52. Rh2 Kg6 53. Kd3 Kf5 54. Ke3 Kg4 55. Kf2 Rh8 56. Kg1 Ra8 57. a3 Re8 1/2-1/2

[Event "Barcelona Sant Marti op-A 22nd"]
[Site "Barcelona"]
[Date "2022.07.19"]
[Round "7"]
[White "Noboa Silva, Kevin Omar"]
[Black "Phadke, Sohan"]
[Result "1/2-1/2"]
[WhiteElo "2304"]
[BlackElo "2177"]
[PlyCount "120"]
[EventDate "2022.07.13"]
[EventType "swiss"]
[EventRounds "9"]
[EventCountry "ESP"]
[SourceTitle "CBM 209 Extra"]
[Source "ChessBase"]
[SourceDate "2022.09.30"]
[SourceVersion "1"]
[SourceVersionDate "2022.09.30"]
[SourceQuality "1"]

1. d4 d5 2. c4 e6 3. Nc3 c5 4. cxd5 exd5 5. Nf3 Nc6 6. g3 Nf6 7. Bg2 cxd4 8. Nxd4 Bc5 9. Nxc6 bxc6 10. 0-0 0-0 11. Qc2 Bb6 12. Na4 Ba6 13. Nxb6 axb6 14. Re1 Qe8 15. Qb3 Bb5 16. Bf4 Ne4 17. Qd1 Qe6 18. a4 Ba6 19. Qc2 Rfc8 20. a5 bxa5 21. Rxa5 Bb5 22. Rxa8 Rxa8 23. Rc1 h6 24. Bf1 Qf6 25. f3 Ng5 26. Qc3 d4 27. Qb4 d3 28. exd3 Nxf3+ 29. Kg2 Nh4+ 30. Kh1 Ng6 31. Qc3 Qf5 32. Qc5 Qf6 33. Qc3 Qf5 34. Qc5 Qxc5 35. Rxc5 Nxf4 36. gxf4 Ra2 37. b3 Rb2 38. Rc3 Rf2 39. Bg2 Rxf4 40. Bxc6 Bxc6+ 41. Rxc6 Rf2 42. Rc8+ Kh7 43. b4 Rb2 44. Rb8 g5 45. b5 f5 46. b6 f4 47. d4 f3 48. Kg1 g4 49. d5 Rg2+ 50. Kf1 Rxh2 51. Rf8 Rb2 52. d6 g3 53. Rxf3 Rxb6 54. Rd3 Rb8 55. Kg2 Kg6 56. Kxg3 Kf6 57. Kg4 Ke6 58. Kh5 Rd8 59. Kxh6 Rxd6 60. Rxd6+ Kxd6 1/2-1/2

[Event "Barcelona Sant Marti op-A 22nd"]
[Site "Barcelona"]
[Date "2022.07.16"]
[Round "4"]
[White "Phadke, Sohan"]
[Black "Congrains Diaz, Adrian Francisco"]
[Result "1-0"]
[WhiteElo "2177"]
[BlackElo "2025"]
[PlyCount "39"]
[EventDate "2022.07.13"]
[EventType "swiss"]
[EventRounds "9"]
[EventCountry "ESP"]
[SourceTitle "CBM 209 Extra"]
[Source "ChessBase"]
[SourceDate "2022.09.30"]
[SourceVersion "1"]
[SourceVersionDate "2022.09.30"]
[SourceQuality "1"]

1. e4 c5 2. Nc3 Nc6 3. Nf3 e5 4. Bc4 g6 5. d3 h6 6. a3 Bg7 7. b4 Nge7 8. bxc5 Qa5 9. Bd2 0-0 10. Nb5 Qd8 11. h4 b6 12. h5 Ba6 13. hxg6 Nxg6 14. Nd6 Bxc4 15. dxc4 Nce7 16. Bxh6 Bxh6 17. Rxh6 bxc5 18. Ng5 Qb6 19. Nf5 Qf6 20. Nh7 1-0

[Event "Barcelona Sant Marti op-A 22nd"]
[Site "Barcelona"]
[Date "2022.07.14"]
[Round "2"]
[White "Phadke, Sohan"]
[Black "Roshka, Yevgeniy"]
[Result "1/2-1/2"]
[WhiteElo "2177"]
[BlackElo "2497"]
[PlyCount "108"]
[EventDate "2022.07.13"]
[EventType "swiss"]
[EventRounds "9"]
[EventCountry "ESP"]
[SourceTitle "CBM 209 Extra"]
[Source "ChessBase"]
[SourceDate "2022.09.30"]
[SourceVersion "1"]
[SourceVersionDate "2022.09.30"]
[SourceQuality "1"]

1. e4 e6 2. d4 d5 3. Nc3 Bb4 4. exd5 exd5 5. Bd3 Ne7 6. Qh5 Nbc6 7. Nge2 Be6 8. 0-0 Qd7 9. a3 Bxc3 10. bxc3 Bf5 11. Ng3 Bxd3 12. cxd3 0-0 13. Qf3 b5 14. h4 a5 15. h5 h6 16. Be3 b4 17. axb4 axb4 18. cxb4 Nxb4 19. Rxa8 Rxa8 20. Rb1 Nbc6 21. Qf4 Rb8 22. Rxb8+ Nxb8 23. Bc1 Nbc6 24. Ba3 Nd8 25. Bxe7 Qxe7 26. Nf5 Qe1+ 27. Kh2 Ne6 28. Qf3 Kh8 29. Ne3 Kg8 30. Nxd5 Nxd4 31. Nf6+ gxf6 32. Qg4+ Kf8 33. Qxd4 Qe5+ 34. Qxe5 fxe5 35. Kg3 Ke7 36. f4 Ke6 37. Kf3 f5 38. Ke3 Kf6 39. fxe5+ Kxe5 40. d4+ Kd5 41. Kf4 Ke6 42. d5+ Kxd5 43. Kxf5 c5 44. g4 c4 45. g5 c3 46. gxh6 c2 47. h7 c1Q 48. h8Q Qb1+ 49. Kg5 Qc1+ 50. Kg6 Qb1+ 51. Kh6 Qc1+ 52. Kh7 Qb1+ 53. Kg8 Qb8+ 54. Kh7 Qb1+ 1/2-1/2

[Event "Barcelona Sant Marti op-A 22nd"]
[Site "Barcelona"]
[Date "2022.07.13"]
[Round "1"]
[White "Rounaiv, Rana"]
[Black "Phadke, Sohan"]
[Result "0-1"]
[WhiteElo "1852"]
[BlackElo "2177"]
[PlyCount "70"]
[EventDate "2022.07.13"]
[EventType "swiss"]
[EventRounds "9"]
[EventCountry "ESP"]
[SourceTitle "CBM 209 Extra"]
[Source "ChessBase"]
[SourceDate "2022.09.30"]
[SourceVersion "1"]
[SourceVersionDate "2022.09.30"]
[SourceQuality "1"]

1. d4 d5 2. c4 e6 3. Nc3 c5 4. cxd5 exd5 5. Nf3 Nc6 6. g3 Nf6 7. Bg2 cxd4 8. Nxd4 Bc5 9. Nb3 Bb6 10. e3 Bg4 11. Qd2 Ne5 12. Nd4 0-0 13. h3 Bh5 14. g4 Bg6 15. 0-0 Ne4 16. Qd1 Nxc3 17. bxc3 Bd3 18. Re1 Bc4 19. e4 Nd3 20. Re3 Nxc1 21. Qxc1 dxe4 22. Rxe4 Bd5 23. Rf4 Bxg2 24. Kxg2 Rc8 25. Nf5 g6 26. Ng3 Qd5+ 27. Rf3 Rfe8 28. Qd1 Qc6 29. Kg1 Re1+ 30. Qxe1 Qxf3 31. Ne4 Kg7 32. Ng5 Qf4 33. Qe7 Rc6 34. Rf1 Rf6 35. Ne4 Re6 0-1

[Event "Mumbai Mayors Cup 12th"]
[Site "Mumbai"]
[Date "2019.06.13"]
[Round "7"]
[White "Phadke, Sohan"]
[Black "Neverov, Valeriy"]
[Result "1-0"]
[WhiteElo "2228"]
[BlackElo "2470"]
[PlyCount "119"]
[EventDate "2019.06.09"]
[EventType "swiss"]
[EventRounds "10"]
[EventCountry "IND"]
[SourceTitle "CBM 190 Extra"]
[Source "ChessBase"]
[SourceDate "2019.07.15"]
[SourceVersion "1"]
[SourceVersionDate "2019.07.15"]
[SourceQuality "1"]

1. e4 c5 2. Nf3 Nc6 3. Nc3 e6 4. d4 cxd4 5. Nxd4 Qc7 6. g3 a6 7. Bg2 Nf6 8. 0-0 d6 9. a4 Be7 10. Kh1 Nxd4 11. Qxd4 Bd7 12. f4 Bc6 13. Be3 0-0 14. a5 Rae8 15. Qd1 Nd7 16. g4 Bf6 17. Qd2 Bxc3 18. Qxc3 Nf6 19. Bb6 Qd7 20. Rae1 Nxg4 21. h3 Nh6 22. Rg1 f5 23. Bd4 Rf7 24. e5 Rc8 25. Qg3 Bxg2+ 26. Rxg2 d5 27. Qh4 Kh8 28. Reg1 Qe7 29. Qh5 Qe8 30. c3 Rd7 31. Qh4 Qd8 32. Qh5 Qe8 33. Qh4 Qe7 34. Qh5 Qf7 35. Qh4 Rg8 36. Bc5 Qe8 37. b4 Nf7 38. Rg6 Rc7 39. R1g3 Qd8 40. Qh5 Rc6 41. Bb6 Qe8 42. Qh4 Qf8 43. Bc5 Qe8 44. Be7 d4 45. Bf6 Rxc3 46. Bxg7+ Rxg7 47. Rxg7 Rc1+ 48. Kh2 Rc2+ 49. Kg1 Rc1+ 50. Kf2 Rc2+ 51. Ke1 Rc1+ 52. Kd2 Rc2+ 53. Kxc2 Qa4+ 54. Kc1 Qa1+ 55. Kd2 Qb2+ 56. Ke1 Qc1+ 57. Kf2 Qd2+ 58. Kg1 Qe1+ 59. Kh2 Qf2+ 60. Rg2 1-0

[Event "Mumbai Mayors Cup 12th"]
[Site "Mumbai"]
[Date "2019.06.10"]
[Round "2"]
[White "Aleksandrov, Aleksej"]
[Black "Phadke, Sohan"]
[Result "1-0"]
[WhiteElo "2588"]
[BlackElo "2228"]
[PlyCount "53"]
[EventDate "2019.06.09"]
[EventType "swiss"]
[EventRounds "10"]
[EventCountry "IND"]
[SourceTitle "CBM 190 Extra"]
[Source "ChessBase"]
[SourceDate "2019.07.15"]
[SourceVersion "1"]
[SourceVersionDate "2019.07.15"]
[SourceQuality "1"]

1. d4 d5 2. c4 e6 3. Nc3 c5 4. cxd5 exd5 5. Nf3 Nc6 6. e3 Nf6 7. Be2 Bd6 8. Nb5 Be7 9. dxc5 Bxc5 10. 0-0 0-0 11. b3 Qe7 12. Bb2 Rd8 13. Rc1 Ne4 14. Nbd4 Nxd4 15. Nxd4 a6 16. Bg4 Qg5 17. Bxc8 Raxc8 18. Rc2 Be7 19. Qe2 Rxc2 20. Qxc2 Bd6 21. Rd1 Bxh2+ 22. Kxh2 Nxf2 23. Qxf2 Qh5+ 24. Kg3 Qxd1 25. Qf4 Qh5 26. Nf5 f6 27. Kf2 1-0

[Event "Gibraltar Masters 17th"]
[Site "Caleta"]
[Date "2019.01.31"]
[Round "10"]
[White "Phadke, Sohan"]
[Black "Belenkaya, Dina"]
[Result "1/2-1/2"]
[WhiteElo "2191"]
[BlackElo "2357"]
[PlyCount "71"]
[EventDate "2019.01.22"]
[EventType "swiss"]
[EventRounds "10"]
[EventCountry "GGB"]
[SourceTitle "CBM 188 Extra"]
[Source "ChessBase"]
[SourceDate "2019.02.26"]
[SourceVersion "1"]
[SourceVersionDate "2019.02.26"]
[SourceQuality "1"]

1. e4 c6 2. d4 d5 3. exd5 cxd5 4. c4 Nf6 5. Nc3 g6 6. cxd5 Bg7 7. Bc4 0-0 8. Nge2 Na6 9. 0-0 Nc7 10. d6 Qxd6 11. Bf4 Qd8 12. d5 Nce8 13. Bb3 Nd6 14. Be5 Bd7 15. Ng3 Rc8 16. Qd4 Qa5 17. Rfe1 Rfe8 18. Qf4 Qa6 19. Bd4 Nc4 20. Re2 b5 21. Rd1 b4 22. Nce4 Nxd5 23. Qh4 e5 24. Nc5 Qf6 25. Qxf6 Nxf6 26. Nxd7 Nxd7 27. Bxa7 Nf6 28. Ne4 Nxe4 29. Rxe4 Nxb2 30. Rb1 Bf8 31. g3 Nd3 32. Rd1 Red8 33. Re3 Nc5 34. Rxe5 Re8 35. Red5 Ne6 36. R5d3 1/2-1/2

[Event "Gibraltar Masters 17th"]
[Site "Caleta"]
[Date "2019.01.30"]
[Round "9"]
[White "Kiik, Kalle"]
[Black "Phadke, Sohan"]
[Result "1-0"]
[WhiteElo "2410"]
[BlackElo "2191"]
[PlyCount "55"]
[EventDate "2019.01.22"]
[EventType "swiss"]
[EventRounds "10"]
[EventCountry "GGB"]
[SourceTitle "CBM 188 Extra"]
[Source "ChessBase"]
[SourceDate "2019.02.26"]
[SourceVersion "1"]
[SourceVersionDate "2019.02.26"]
[SourceQuality "1"]

1. Nf3 f5 2. d3 d6 3. e4 e5 4. Nc3 Nf6 5. exf5 Bxf5 6. d4 e4 7. Nh4 Bc8 8. f3 exf3 9. Qxf3 Nc6 10. Bb5 Be7 11. d5 Bg4 12. Qf4 a6 13. Ba4 b5 14. dxc6 bxa4 15. Nf5 0-0 16. 0-0 d5 17. Nxe7+ Qxe7 18. Be3 Qd6 19. Qxd6 cxd6 20. Bd4 Be6 21. Bxf6 Rxf6 22. Rxf6 gxf6 23. Ne2 Bf5 24. Rf1 Bxc2 25. Rxf6 a3 26. bxa3 Rd8 27. Nd4 Ba4 28. g4 1-0

[Event "Gibraltar Masters 17th"]
[Site "Caleta"]
[Date "2019.01.26"]
[Round "5"]
[White "Phadke, Sohan"]
[Black "Kandic, Milan"]
[Result "1-0"]
[WhiteElo "2191"]
[BlackElo "2136"]
[PlyCount "84"]
[EventDate "2019.01.22"]
[EventType "swiss"]
[EventRounds "10"]
[EventCountry "GGB"]
[SourceTitle "CBM 188 Extra"]
[Source "ChessBase"]
[SourceDate "2019.02.26"]
[SourceVersion "1"]
[SourceVersionDate "2019.02.26"]
[SourceQuality "1"]

1. e4 d6 2. Nc3 c5 3. f4 Nc6 4. Nf3 g6 5. Bb5 Bg7 6. 0-0 e6 7. Bxc6+ bxc6 8. d3 Ne7 9. Qe1 0-0 10. Kh1 d5 11. Na4 c4 12. e5 cxd3 13. cxd3 a5 14. Bd2 d4 15. Rc1 Ra6 16. b3 h5 17. Rc4 Nf5 18. Qe4 Qd5 19. Nxd4 Rd8 20. Nxf5 Qxe4 21. Ne7+ Kf8 22. dxe4 Kxe7 23. Be3 Ke8 24. Rfc1 Bf8 25. Bb6 Ba3 26. Bxd8 Bxc1 27. Bg5 Ba3 28. Rd4 Bd7 29. h3 c5 30. Rd2 Bb4 31. Rd1 Ba3 32. Rd2 Bb4 33. Rd3 Ba3 34. g4 Rc6 35. gxh5 gxh5 36. Bf6 c4 37. bxc4 Rxc4 38. Nb6 Rc1+ 39. Kg2 Rc2+ 40. Kg3 Bc5 41. Nxd7 Bf2+ 42. Kf3 Rxa2 1-0

[Event "Gibraltar Masters 17th"]
[Site "Caleta"]
[Date "2019.01.24"]
[Round "3"]
[White "Verneuil, Pascal"]
[Black "Phadke, Sohan"]
[Result "0-1"]
[WhiteElo "2114"]
[BlackElo "2191"]
[PlyCount "142"]
[EventDate "2019.01.22"]
[EventType "swiss"]
[EventRounds "10"]
[EventCountry "GGB"]
[SourceTitle "CBM 188 Extra"]
[Source "ChessBase"]
[SourceDate "2019.02.26"]
[SourceVersion "1"]
[SourceVersionDate "2019.02.26"]
[SourceQuality "1"]

1. e4 c5 2. Nc3 Nc6 3. Bb5 Nd4 4. Nf3 a6 5. Bd3 g6 6. Nxd4 cxd4 7. Ne2 Bg7 8. c3 dxc3 9. dxc3 d6 10. 0-0 Nf6 11. a4 b6 12. a5 b5 13. Be3 Bb7 14. Bb6 Qc8 15. f3 d5 16. Ng3 0-0 17. Qe2 dxe4 18. Bxe4 Nxe4 19. Nxe4 Bd5 20. Qd2 Qc6 21. Rfe1 Rfe8 22. Rad1 e6 23. Nf2 Rac8 24. Nd3 Bb3 25. Nb4 Qa8 26. Rc1 Qb7 27. Nd3 Qd5 28. Qe3 Qh5 29. Ra1 Bf8 30. Ne5 f6 31. Nd7 Be7 32. Qf4 Qf5 33. Qxf5 gxf5 34. Be3 Red8 35. Nb6 Rc6 36. Rac1 Kf7 37. Re2 Rd3 38. Bf2 e5 39. h3 Bf8 40. Rce1 Bh6 41. Be3 Bf8 42. f4 h5 43. fxe5 fxe5 44. Bf2 Bg7 45. Be3 Bf8 46. Bf2 e4 47. Bd4 Be6 48. Rf2 Kg6 49. g4 hxg4 50. hxg4 Rg3+ 51. Rg2 Rxg2+ 52. Kxg2 fxg4 53. Rxe4 Rxb6 54. Rxg4+ Bxg4 55. axb6 Be6 56. Kf2 Bd5 57. Ke3 Kf5 58. b3 Bh6+ 59. Kd3 Be4+ 60. Ke2 Ke6 61. Be3 Bxe3 62. Kxe3 Ke5 63. Kd2 Bg2 64. Kc2 Kd6 65. Kb2 Kc5 66. Ka3 Kxb6 67. Kb4 a5+ 68. Ka3 Kc5 69. Kb2 b4 70. Kc2 Be4+ 71. Kd2 Bg6 0-1

[Event "Gibraltar Masters 17th"]
[Site "Caleta"]
[Date "2019.01.23"]
[Round "2"]
[White "Phadke, Sohan"]
[Black "Vega Gutierrez, Sabrina Neide"]
[Result "0-1"]
[WhiteElo "2191"]
[BlackElo "2390"]
[PlyCount "82"]
[EventDate "2019.01.22"]
[EventType "swiss"]
[EventRounds "10"]
[EventCountry "GGB"]
[SourceTitle "CBM 188 Extra"]
[Source "ChessBase"]
[SourceDate "2019.02.26"]
[SourceVersion "1"]
[SourceVersionDate "2019.02.26"]
[SourceQuality "1"]

1. d4 d5 2. Bf4 c5 3. e3 Nc6 4. Nc3 cxd4 5. exd4 a6 6. Nf3 Bg4 7. h3 Bxf3 8. Qxf3 e6 9. 0-0-0 Rc8 10. g4 Bd6 11. h4 Qf6 12. Ne2 Bxf4+ 13. Qxf4 Nb4 14. Qxf6 Nxf6 15. a3 Nxc2 16. Kb1 Nxg4 17. Rc1 Nxf2 18. Rh2 Nxa3+ 19. bxa3 Rxc1+ 20. Nxc1 Ne4 21. Rc2 Nd6 22. Nb3 Ke7 23. Rc7+ Kd8 24. Rc2 h5 25. Bd3 Rh6 26. Rg2 Rf6 27. Rxg7 Rf4 28. Rh7 Rxh4 29. Be2 Rh1+ 30. Kc2 Rh2 31. Kd1 h4 32. Nc5 Ke7 33. Bh5 Rf2 34. Nd3 Rf6 35. Ne5 h3 36. Ke2 h2 37. Bg4 Nb5 38. Ke3 Nxa3 39. Rxh2 Kd6 40. Rh8 Nc2+ 41. Kd3 Nxd4 0-1

[Event "Mumbai Wealth op 4th"]
[Site "Mumbai"]
[Date "2019.01.07"]
[Round "9"]
[White "Phadke, Sohan"]
[Black "Movsziszian, Karen"]
[Result "0-1"]
[WhiteElo "2191"]
[BlackElo "2505"]
[PlyCount "78"]
[EventDate "2018.12.30"]
[EventType "swiss"]
[EventRounds "9"]
[EventCountry "IND"]
[SourceTitle "CBM 188 Extra"]
[Source "ChessBase"]
[SourceDate "2019.02.26"]
[SourceVersion "1"]
[SourceVersionDate "2019.02.26"]
[SourceQuality "1"]

1. e4 d6 2. d4 Nf6 3. Nc3 Nbd7 4. f4 e5 5. Nf3 exd4 6. Nxd4 g6 7. Qf3 Bg7 8. Be3 0-0 9. 0-0-0 c6 10. g4 Re8 11. g5 Nxe4 12. Nxe4 Qe7 13. Nxd6 Qxd6 14. Bc4 Nb6 15. Bb3 Nd5 16. Nb5 Qb4 17. Rxd5 cxd5 18. Nc7 Bf5 19. a3 Qa5 20. Nxe8 Be4 21. Qf2 Rxe8 22. Rd1 Rc8 23. Bd4 Bf8 24. Qd2 Qb5 25. Bc3 Bg7 26. Bxg7 Kxg7 27. Qb4 Qe2 28. Qd2 Qf3 29. Bxd5 Bxd5 30. Qd4+ Kg8 31. Qxd5 Qxf4+ 32. Qd2 Qc4 33. Kb1 b5 34. b3 Qc5 35. Kb2 Qe5+ 36. Kb1 Qf5 37. Re1 a5 38. Re2 a4 39. b4 h6 0-1

[Event "Mumbai Wealth op 4th"]
[Site "Mumbai"]
[Date "2019.01.05"]
[Round "7"]
[White "Phadke, Sohan"]
[Black "Siva, Mahadevan"]
[Result "1-0"]
[WhiteElo "2191"]
[BlackElo "2333"]
[PlyCount "93"]
[EventDate "2018.12.30"]
[EventType "swiss"]
[EventRounds "9"]
[EventCountry "IND"]
[SourceTitle "CBM 188 Extra"]
[Source "ChessBase"]
[SourceDate "2019.02.26"]
[SourceVersion "1"]
[SourceVersionDate "2019.02.26"]
[SourceQuality "1"]

1. d4 Nf6 2. Bg5 Ne4 3. Bf4 c5 4. f3 Qa5+ 5. c3 Nf6 6. d5 Qb6 7. Bc1 e6 8. e4 exd5 9. exd5 Bd6 10. Na3 0-0 11. Nc4 Re8+ 12. Kf2 Qc7 13. Nxd6 Qxd6 14. c4 Nc6 15. Ne2 b5 16. Nc3 Nd4 17. Nxb5 Nxb5 18. cxb5 Bb7 19. Bc4 Nxd5 20. Qd3 Qe5 21. Bxd5 Bxd5 22. Rd1 Be6 23. Qd6 Qf6 24. Qf4 Qg6 25. Rd6 Rab8 26. a4 Qc2+ 27. Rd2 Qb3 28. Ra3 Qb4 29. Rc2 Bf5 30. Rcc3 Bd3 31. Rab3 Qa5 32. Bd2 Bg6 33. Rxc5 Qb6 34. Be3 Qe6 35. Rbc3 d6 36. R5c4 Rb7 37. h4 Rd7 38. h5 Bf5 39. g4 Bb1 40. Rc1 Bd3 41. R4c3 Qa2 42. Rxd3 Qxb2+ 43. Kg3 Rde7 44. Bd4 Qa2 45. Re3 f6 46. Rxe7 Rxe7 47. Qxd6 1-0

[Event "Mumbai Wealth op 4th"]
[Site "Mumbai"]
[Date "2019.01.04"]
[Round "6"]
[White "Stupak, Kirill"]
[Black "Phadke, Sohan"]
[Result "1-0"]
[WhiteElo "2557"]
[BlackElo "2191"]
[PlyCount "69"]
[EventDate "2018.12.30"]
[EventType "swiss"]
[EventRounds "9"]
[EventCountry "IND"]
[SourceTitle "CBM 188 Extra"]
[Source "ChessBase"]
[SourceDate "2019.02.26"]
[SourceVersion "1"]
[SourceVersionDate "2019.02.26"]
[SourceQuality "1"]

1. Nf3 c5 2. c4 Nc6 3. Nc3 e5 4. e3 Nf6 5. d4 cxd4 6. exd4 e4 7. Ne5 Bd6 8. c5 Bb8 9. Nc4 d5 10. cxd6 0-0 11. Bf4 Na5 12. Nxa5 Qxa5 13. Qb3 Qf5 14. Bg3 a6 15. Be2 Be6 16. Qxb7 Ba7 17. 0-0 Bxd4 18. Qb4 Bc5 19. Qa4 Rfd8 20. Rad1 Rab8 21. Qc2 h5 22. h3 Qg5 23. Kh1 h4 24. Bh2 Qf5 25. Bxa6 Ba7 26. Be2 Qc5 27. Qd2 Rb4 28. b3 Qc6 29. Qg5 Qxc3 30. Be5 Qc5 31. Bxf6 Qxg5 32. Bxg5 f6 33. Bxh4 Rb6 34. Bg3 Bb8 35. Rd4 1-0

[Event "Mumbai Wealth op 4th"]
[Site "Mumbai"]
[Date "2018.12.31"]
[Round "2"]
[White "Kishor, Shazzad"]
[Black "Phadke, Sohan"]
[Result "0-1"]
[WhiteElo "1730"]
[BlackElo "2191"]
[PlyCount "110"]
[EventDate "2018.12.30"]
[EventType "swiss"]
[EventRounds "9"]
[EventCountry "IND"]
[SourceTitle "CBM 188 Extra"]
[Source "ChessBase"]
[SourceDate "2019.02.26"]
[SourceVersion "1"]
[SourceVersionDate "2019.02.26"]
[SourceQuality "1"]

1. g3 e6 2. c4 f5 3. Bg2 Nf6 4. Nf3 Be7 5. Nc3 d6 6. d4 0-0 7. 0-0 a5 8. b3 Ne4 9. Bb2 Bf6 10. e3 Nc6 11. Rc1 Qe8 12. d5 Nb4 13. Nd4 Nxc3 14. Bxc3 Nxa2 15. Rc2 Nxc3 16. Rxc3 e5 17. Nb5 Bd8 18. Rd3 Bd7 19. Nc3 Bf6 20. e4 f4 21. g4 Qg6 22. f3 h5 23. h3 Bh4 24. Nb5 Bxb5 25. cxb5 Qe8 26. gxh5 Qxb5 27. Rc3 Qb6+ 28. Kh1 Bf2 29. Qc2 Bc5 30. Rd1 Qb5 31. Bf1 Qe8 32. Qg2 Qxh5 33. Qg4 Qh6 34. Rc2 Rf6 35. Rg2 Raf8 36. Bb5 Rg6 37. Qxg6 Qxh3+ 38. Rh2 Qxf3+ 39. Rg2 Qxd1+ 40. Kh2 Rf7 41. Be8 Re7 42. Bd7 Rxd7 43. Qe8+ Kh7 44. Qxd7 Qh5+ 45. Qh3 Qxh3+ 46. Kxh3 f3 47. Rh2 f2 48. Kg2+ Kg6 49. Rh8 Kg5 50. Rf8 b5 51. Rf7 a4 52. bxa4 bxa4 53. Rxg7+ Kf4 54. Rxc7 a3 55. Rc6 Kxe4 0-1

[Event "Gujarat op 1st"]
[Site "Ahmedabad"]
[Date "2018.10.11"]
[Round "9"]
[White "Shahil, Dey"]
[Black "Phadke, Sohan"]
[Result "1/2-1/2"]
[WhiteElo "2063"]
[BlackElo "2275"]
[PlyCount "67"]
[EventDate "2018.10.05"]
[EventType "swiss"]
[EventRounds "10"]
[EventCountry "IND"]
[SourceTitle "CBM 186 Extra"]
[Source "ChessBase"]
[SourceDate "2018.08.24"]
[SourceVersion "1"]
[SourceVersionDate "2018.08.24"]
[SourceQuality "1"]

1. e4 c5 2. Ne2 Nc6 3. Nbc3 Nf6 4. g3 d5 5. exd5 Nxd5 6. Bg2 Nf6 7. d3 Bf5 8. Be3 e5 9. Qd2 Ng4 10. 0-0-0 Bd6 11. Ne4 0-0 12. Nxc5 Nxe3 13. Qxe3 Be7 14. Kb1 Rc8 15. Nb3 Be6 16. Bxc6 Rxc6 17. d4 Bg5 18. f4 exf4 19. gxf4 Bf5 20. Nc3 Bf6 21. d5 Rc4 22. Nd2 Re8 23. Qf3 Rxc3 24. bxc3 Qa5 25. Nb3 Bxc2+ 26. Kb2 Bxb3 27. axb3 Bxc3+ 28. Qxc3 Re2+ 29. Qc2 Rxc2+ 30. Kxc2 Qc5+ 31. Kb2 Qf2+ 32. Kb1 Qf3 33. Kb2 Qf2+ 34. Kb1 1/2-1/2

[Event "Prague Summer op-A 5th"]
[Site "Prague"]
[Date "2018.08.09"]
[Round "8"]
[White "Phadke, Sohan"]
[Black "Rubes, Jan"]
[Result "0-1"]
[WhiteElo "2245"]
[BlackElo "2306"]
[PlyCount "78"]
[EventDate "2018.08.03"]
[EventType "swiss"]
[EventRounds "9"]
[EventCountry "CZE"]
[SourceTitle "CBM 185 Extra"]
[Source "ChessBase"]
[SourceDate "2018.07.29"]
[SourceVersion "1"]
[SourceVersionDate "2018.07.29"]
[SourceQuality "1"]

1. d4 d5 2. Bf4 c5 3. e3 Nc6 4. c3 Nf6 5. Nd2 e6 6. Ngf3 cxd4 7. exd4 Nh5 8. Be3 Bd6 9. Ne5 g6 10. Bb5 0-0 11. g4 Ng7 12. Bxc6 bxc6 13. Nb3 Qc7 14. Qd2 f6 15. Nd3 e5 16. h3 e4 17. Nf4 f5 18. g5 Ne6 19. Nxe6 Bxe6 20. Nc5 Rae8 21. f4 exf3 22. 0-0-0 f4 23. Bf2 Bf5 24. Rde1 Qa5 25. a3 Rb8 26. b4 Qxa3+ 27. Qb2 Qxb2+ 28. Kxb2 a5 29. Kb3 axb4 30. cxb4 Rfe8 31. Rxe8+ Rxe8 32. Re1 Rxe1 33. Bxe1 Bxh3 34. Nd3 h6 35. gxh6 g5 36. Ne5 Bxe5 37. dxe5 g4 38. e6 g3 39. e7 Bd7 0-1